000 00440nam a2200193Ia 4500
008 210210b1935 xxu||||| |||| 00| 0 eng d
041 _aeng
082 _a333/78
100 _aRAO (Subba N S)
245 _aSome aspects of economic planning
260 _aBangalore
_b-
_c1935
650 _aSome
650 _aplanning
650 _aof
650 _aeconomic
650 _aaspects
690 _aEconomic Planning
906 _a004250
999 _c123906
_d123906